000
00308nam a22001337a 4500
020
_a
9780198078869
082
_a
664
_b
ROD/FO
100
_a
Roday Sunetra
_9
462
245
_a
Food Science and Nutrition
250
_a
2
260
_a
New Delhi
_b
Oxford University Press
_c
2012
300
_a
408
_b
942
_c
BK
999
_c
14328
_d
14328